Statistics for Random Capitals on the Borderless World Map

Click here to take the quiz!

General Stats

  • This quiz has been taken 4,168 times
  • The average score is 15 of 20

Answers on the Map

Answers color-coded by a green-red scale on the quiz's map according to % correct below.
 

Answer Stats

Capital% Correct
Dublin
98%
Madrid
98%
Mexico City
98%
Moscow
98%
Tokyo
98%
Havana
97%
London
97%
Rome
97%
Washington D.C.
96%
Lisbon
95%
Brasília
94%
Oslo
94%
Panama City
94%
Paris
94%
Warsaw
94%
Athens
93%
Bucharest
93%
Monaco
93%
Ottawa
93%
San Marino
93%
Berlin
92%
Bogotá
92%
Canberra
92%
Jerusalem
92%
Reykjavík
92%
Riga
92%
Santiago
92%
Ankara
91%
Beijing
91%
Brussels
91%
Amsterdam
90%
Bern
90%
Cairo
90%
Minsk
90%
Taipei
90%
Buenos Aires
89%
Copenhagen
89%
Helsinki
89%
Luxembourg
89%
Manila
89%
Tirana
89%
Vatican City
89%
Wellington
89%
Jakarta
88%
Stockholm
88%
Baku
87%
Kiev
87%
La Paz / Sucre
87%
Prague
87%
Pretoria / Cape Town / Bloemfontein
87%
Pyongyang
87%
Singapore
87%
Kuwait City
86%
Lima
86%
Montevideo
86%
Tallinn
86%
Tunis
86%
Caracas
85%
Tbilisi
85%
Zagreb
85%
Asunción
84%
Bangkok
84%
Doha
84%
Rabat
84%
Seoul
84%
Vilnius
84%
Abu Dhabi
83%
Andorra la Vella
83%
Hanoi
83%
Nassau
83%
Riyadh
83%
Dhaka
82%
Kingston
82%
New Delhi
82%
Nicosia
82%
Quito
82%
Sarajevo
82%
Ulaanbaatar
82%
Baghdad
81%
Budapest
81%
Kuala Lumpur
81%
Muscat
81%
Nur-Sultan
81%
Algiers
80%
Sana'a
80%
Sofia
80%
Tripoli
80%
Vienna
80%
Beirut
79%
Ljubljana
79%
Tehran
79%
Valletta
79%
San Salvador
78%
Kathmandu
77%
Phnom Penh
76%
Amman
75%
Bratislava
75%
Port-au-Prince
75%
Yerevan
75%
Addis Ababa
74%
São Tomé
74%
Kabul
73%
Antananarivo
72%
Dili
72%
Georgetown
72%
Guatemala City
72%
Kinshasa
72%
Dakar
71%
Djibouti
71%
Malé
71%
Mogadishu
71%
Nairobi
71%
Pristina
71%
Vaduz
71%
Windhoek
71%
Islamabad
70%
Podgorica
70%
Port Moresby
70%
San José
70%
Skopje
70%
Tegucigalpa
70%
Abuja
69%
Belgrade
69%
Managua
69%
Vientiane
68%
Damascus
67%
Chișinău
66%
Dushanbe
65%
Khartoum
65%
Manama
65%
Maputo
65%
Belmopan
64%
Sri Jayawardenapura Kotte
64%
Accra
63%
Apia
63%
Asmara
63%
Kampala
63%
Monrovia
63%
Ouagadougou
63%
Thimphu
63%
Bishkek
62%
Luanda
62%
Naypyidaw
62%
Paramaribo
62%
Bissau
61%
Juba
61%
N'Djamena
61%
Brazzaville
60%
Kigali
59%
Lusaka
59%
Santo Domingo
59%
Tashkent
59%
Victoria
59%
Ashgabat
57%
Praia
57%
Banjul
56%
Harare
56%
Saint John's
56%
Dodoma
55%
Conakry
54%
Lomé
54%
Nukuʻalofa
54%
Freetown
53%
Suva
53%
Kingstown
52%
Lilongwe
52%
Port Louis
52%
Port Vila
52%
Bamako
51%
Bangui
51%
Gitega
51%
Moroni
51%
Porto-Novo / Cotonou
51%
Yamoussoukro
51%
Niamey
50%
Yaoundé
50%
Basseterre
48%
Honiara
48%
Maseru
48%
Gaborone
47%
Mbabane
47%
Palikir
47%
Port-of-Spain
47%
South Tarawa
47%
Libreville
46%
Ngerulmud
46%
Nouakchott
46%
Bandar Seri Begawan
45%
Malabo
45%
Castries
44%
Bridgetown
43%
Roseau
43%
Yaren
43%
Funafuti
42%
Saint George's
42%
Majuro
41%

Score Distribution

Percentile by Number Answered

Percent of People with Each Score

Your Score History

You have not taken this quiz